Philosophy of science (Record no. 2004)
[ view plain ]
| 000 -LEADER | |
|---|---|
| fixed length control field | 00564nam a2200229Ia 4500 |
| 003 - CONTROL NUMBER IDENTIFIER | |
| control field | 0100 |
| 008 - FIXED-LENGTH DATA ELEMENTS--GENERAL INFORMATION | |
| fixed length control field | 130227s9999 xx 000 0 und d |
| 040 ## - CATALOGING SOURCE | |
| Transcribing agency | ARRUPELIB |
| 050 ## - LIBRARY OF CONGRESS CALL NUMBER | |
| Classification number | Q175.R5475 2005 |
| 100 ## - MAIN ENTRY--PERSONAL NAME | |
| Personal name | Rosenberg, Alex |
| 245 ## - TITLE STATEMENT | |
| Title | Philosophy of science |
| 245 ## - TITLE STATEMENT | |
| Remainder of title | a contemporary introduction |
| 260 ## - PUBLICATION, DISTRIBUTION, ETC. (IMPRINT) | |
| Place of publication, distribution, etc | New York |
| 260 ## - PUBLICATION, DISTRIBUTION, ETC. (IMPRINT) | |
| Name of publisher, distributor, etc | Routledge |
| 260 ## - PUBLICATION, DISTRIBUTION, ETC. (IMPRINT) | |
| -- | 2000 |
| 300 ## - PHYSICAL DESCRIPTION | |
| Extent | x |
| 300 ## - PHYSICAL DESCRIPTION | |
| Other physical details | 213p. 24cm. |
| 650 ## - SUBJECT ADDED ENTRY--TOPICAL TERM | |
| Topical term following geographic name as entry element | Political violence - Burundi - History |
| 650 ## - SUBJECT ADDED ENTRY--TOPICAL TERM | |
| Location of event | Masculinity - Burundi |
| 650 ## - SUBJECT ADDED ENTRY--TOPICAL TERM | |
| Active dates | Feminist theory |
| 942 ## - ADDED ENTRY ELEMENTS (KOHA) | |
| Source of classification or shelving scheme | Library of Congress Classification |
| Koha issues (borrowed), all copies | 4 |
| Withdrawn status | Lost status | Source of classification or shelving scheme | Damaged status | Not for loan | Collection code | Home library | Current library | Shelving location | Date acquired | Total Checkouts | Full call number | Barcode | Date last seen | Date last borrowed | Copy number | Price effective from | Koha item type |
|---|---|---|---|---|---|---|---|---|---|---|---|---|---|---|---|---|---|
| Library of Congress Classification | Main Collection | ARRUPE LIBRARY | ARRUPE LIBRARY | 27/02/2013 | 13 | Q175.R5475 2005 | 46402952 | 03/07/2019 | 27/10/2017 | 1 | 27/02/2013 | Monograph ( Printed materials) | |||||
| Library of Congress Classification | Main Collection | ARRUPE LIBRARY | ARRUPE LIBRARY | Main Collection | 14/10/2014 | 10 | Q175.R5475 2005 | 46410845 | 14/10/2019 | 30/08/2019 | 14/10/2014 | Monograph ( Printed materials) |